| 000 | 00377nam a2200121Ia 4500 | ||
|---|---|---|---|
| 008 | 220216s9999 xx 000 0 und d | ||
| 100 | _aKachintorn Suriya | ||
| 245 | 0 | _aProgress on strategies to develop Thai rubber industry: Agriculture and cooperatives ministry | |
| 260 |
_bRubber International Magazine _c2000 |
||
| 300 | _a75-78 | ||
| 650 | _aRubber industry | ||
| 942 | _cJS | ||
| 999 |
_c65918 _d65918 |
||